[Event "27th 4NCL Congress"]
[Site "The Old Swan Harrogate"]
[Date "2022.01.22"]
[Round "3.16"]
[White "Echavarria Hidalgo, Fernando"]
[Black "Kenning, Paul H"]
[Result "0-1"]
[WhiteElo "1766"]
[BlackElo "1881"]
[PlyCount "149"]
[EventDate "2022.01.21"]

1. e4 d6 2. d4 Nf6 3. Nc3 Nbd7 4. Nf3 e5 5. Bg5 Be7 6. Bc4 c6 7. Bb3 Qc7 8. O-O
h6 9. Be3 Nf8 10. dxe5 dxe5 11. h3 g5 12. Ne1 Ng6 13. f3 Nf4 14. Kh2 Bd7 15.
Nd3 b6 16. Nxf4 gxf4 17. Bf2 Nh5 18. Ne2 Rg8 19. Rg1 Rd8 20. Qf1 Qd6 21. Rd1
Qf6 22. Be1 Ng3 23. Nxg3 fxg3+ 24. Kh1 Bc5 25. Bc3 Bxg1 26. Kxg1 Be6 27. Rxd8+
Kxd8 28. Bxe6 Qxe6 29. Qd3+ Kc7 30. Kf1 f6 31. b3 Rd8 32. Qa6 Kb8
33. Qe2 Qd6 34. Be1 Rg8 35. a4 Qc5 36. b4 Qd4 37. c3 Qd8 38. Qc2 Qe8 39. Ke2
Rg7 40. Qb3 Qd7 41. a5 h5 42. axb6 axb6 43. Qc2 h4 44. Qb3 Qd6 45. Qc2 Qe6 46.
c4 Rd7 47. Qc3 Rd4 48. c5 bxc5 49. Qxc5 Qc4+ 50. Qxc4 Rxc4 51. Bd2 Kc7 52. Ke3
Kd7 53. f4 Ke6 54. f5+ Kf7 55. Kd3 Rd4+ 56. Ke3 Rd7 57. Bc3 Ra7 58. Bd2 Ra2 59.
Ke2 Ke7 60. Ke3 Kd6 61. Ke2 Kc7 62. Ke3 Kb6 63. Ke2 Kb5 64. Kd3 Rxd2+ 65. Kxd2
Kxb4 66. Kd3 c5 67. Kc2 Kc4 68. Kd2 Kb3 69. Kc1 Kc3 70. Kd1 Kb2 71. Kd2 c4 72.
Ke2 c3 73. Kf3 c2 74. Kg4 c1=Q 75. Kxh4 0-1

[Event "27th 4NCL Congress"]
[Site "The Old Swan Harrogate"]
[Date "2022.01.22"]
[Round "3.17"]
[White "Sloan, Cecil"]
[Black "Erskine-Pereira, Jack"]
[Result "0-1"]
[WhiteElo "1707"]
[BlackElo "1846"]
[PlyCount "122"]
[EventDate "2022.01.21"]

1. e4 e6 2. d4 d5 3. Nc3 Nf6 4. Bg5 Be7 5. e5 Nfd7 6. Bxe7 Qxe7 7. f4 a6 8. Nf3
c5 9. dxc5 Nxc5 10. Qd2 Nc6 11. O-O-O Bd7 12. Bd3 Nb4 13. Kb1 Ncxd3 14. cxd3
Bb5 15. Nxb5 axb5 16. a3 Nc6 17. Qc3 O-O 18. Nd4 Nxd4 19. Qxd4 Ra4 20. Qb6 b4
21. axb4 Rxb4 22. Qd6 Qxd6 23. exd6 Rxf4 24. Rc1 Rd8 25. d7 Kf8 26. Rc7 Rb4 27.
Rhc1 Ke7 28. Rc8 Rxd7 29. Rf1 b6 30. Rg8 Rg4 31. g3 Kd6 32. Rb8 Rb4 33. Rg8 f6
34. Rh8 h6 35. Rc1 e5 36. Rhc8 e4 37. dxe4 dxe4 38. Rd1+ Ke7 39. Rxd7+ Kxd7 40.
Rg8 g5 41. Rg6 Ke6 42. Rxh6 Rc4 43. Rh8 Kf5 44. Re8 b5 45. b3 Rc3 46. Kb2 b4
47. Rb8 e3 48. Rb5+ Ke6 49. Rxb4 Rc5 50. Re4+ Re5 51. Rxe5+ Kxe5 52. Kc2 Ke4
53. Kd1 f5 54. h4 f4 55. hxg5 f3 56. g6 Kd3 57. Ke1 f2+ 58. Kf1 e2+ 59. Kxf2
Kd2 60. g7 e1=Q+ 61. Kg2 Qe4+ 0-1

[Event "27th 4NCL Congress"]
[Site "The Old Swan Harrogate"]
[Date "2022.01.22"]
[Round "3.18"]
[White "Tomlinson, Zak"]
[Black "Winter, Kevin"]
[Result "1/2-1/2"]
[WhiteElo "1827"]
[BlackElo "1774"]
[PlyCount "56"]
[EventDate "2022.01.21"]

1. e4 d6 2. d4 Nf6 3. Bd3 e5 4. dxe5 dxe5 5. Nf3 Nbd7 6. Bg5 Be7 7. Nbd2 c6 8.
O-O O-O 9. Bh4 Qc7 10. h3 b5 11. Bg3 Bb7 12. a3 Bd6 13. Re1 Rfe8 14. c4 a6 15.
Rc1 b4 16. axb4 Bxb4 17. Nd4 Nc5 18. Bb1 Bxd2 19. Qxd2 Rad8 20. Qb4 Ncd7 21. c5
a5 22. Qa3 g6 23. Ba2 Qc8 24. Nf3 Qc7 25. Rcd1 h6 26. Qb3 Nxc5 27. Qe3 Rxd1 28.
Rxd1 Ncxe4 1/2-1/2

[Event "27th 4NCL Congress"]
[Site "The Old Swan Harrogate"]
[Date "2022.01.22"]
[Round "3.19"]
[White "Fisher, Neal"]
[Black "Greatorex, Roger"]
[Result "1/2-1/2"]
[WhiteElo "1700"]
[BlackElo "1808"]
[PlyCount "53"]
[EventDate "2022.01.21"]

1. d4 d5 2. Nf3 c6 3. Bf4 e6 4. c3 Be7 5. Nbd2 f5 6. e3 Nf6 7. Ne5 O-O 8. h4
Nbd7 9. Ndf3 c5 10. h5 cxd4 11. exd4 Ne4 12. Qc1 Bf6 13. Bd3 Nxe5 14. dxe5 Be7
15. Bxe4 fxe4 16. Nd4 a6 17. Qe3 Bd7 18. Qg3 Rf7 19. Be3 Rc8 20. O-O Bc5 21. f3
exf3 22. Rxf3 Rxf3 23. Qxf3 Qe7 24. Qg4 Rf8 25. Rf1 Rxf1+ 26. Kxf1 Bxd4 27.
Bxd4 1/2-1/2

[Event "27th 4NCL Congress"]
[Site "The Old Swan Harrogate"]
[Date "2022.01.22"]
[Round "3.20"]
[White "Cuthbert, Larissa"]
[Black "Tarbuck, Laurence JM"]
[Result "1-0"]
[WhiteElo "1495"]
[BlackElo "1780"]
[PlyCount "51"]
[EventDate "2022.01.21"]

1. d4 d5 2. c4 c6 3. Nc3 Nf6 4. Bg5 e6 5. e3 Nbd7 6. Bd3 Be7 7. cxd5 exd5 8.
Rc1 O-O 9. Nge2 Re8 10. O-O Ne4 11. Bf4 g5 12. Bxe4 dxe4 13. Bg3
f5 14. Nd5 f4 15. Nxe7+ Qxe7 16. exf4 g4 17. d5 Nf6 18. dxc6 bxc6 19. Rxc6 Bb7
20. Qb3+ Kg7 21. Rxf6 Qxf6 22. Qxb7+ Kh6 23. f5 Qe7 24. Qc6+ Kg7 25. Nf4 Rac8
26. f6+ 1-0

[Event "27th 4NCL Congress"]
[Site "The Old Swan Harrogate"]
[Date "2022.01.22"]
[Round "3.21"]
[White "Willow, Hambel M"]
[Black "Sharkey, Gary"]
[Result "0-1"]
[WhiteElo "1784"]
[BlackElo "1763"]
[PlyCount "74"]
[EventDate "2022.01.21"]

1. d4 Nf6 2. c4 c5 3. d5 b5 4. cxb5 a6 5. Nc3 g6 6. e4 d6 7. Nf3 Bg7 8. h3 O-O
9. Bf4 axb5 10. Bxb5 Qa5 11. Bd3 Ba6 12. O-O c4 13. Bc2 Nbd7 14. Re1 Rfb8 15.
Bd2 Qc7 16. Rb1 Nc5 17. Bf4 Nh5 18. Bh2 Nd3 19. Bxd3 cxd3 20. g4 Bxc3 21. bxc3
Nf6 22. Rxb8+ Rxb8 23. Qd2 Nd7 24. e5 Nc5 25. Qh6 f6 26. exd6 exd6 27. Nd4 Qd7
28. Qe3 Kf8 29. Qh6+ Kg8 30. Qf4 Re8 31. Rxe8+ Qxe8 32. Nf3 Ne4 33. Qe3 Qa4 34.
Nd4 d2 35. Qxe4 d1=Q+ 36. Kg2 Qf1+ 37. Kg3 Qe2 0-1

[Event "27th 4NCL Congress"]
[Site "The Old Swan Harrogate"]
[Date "2022.01.22"]
[Round "3.22"]
[White "Oliver, Bruce R"]
[Black "Zigmond, Andrew"]
[Result "0-1"]
[WhiteElo "1703"]
[BlackElo "1731"]
[PlyCount "76"]
[EventDate "2022.01.21"]

1. Nf3 Nf6 2. d4 e6 3. Bf4 d5 4. e3 c5 5. c3 Nc6 6. Bd3 cxd4 7. exd4 Bd6 8.
Bxd6 Qxd6 9. O-O O-O 10. Re1 Bd7 11. Ne5 Rac8 12. Nd2 a6 13. Qf3 Ne7 14. Qg3
Qb6 15. Rab1 Bb5 16. Bc2 Qa5 17. Ra1 Ba4 18. b4 Qb5 19. Bb3 Qe8 20. Rac1 Bb5
21. Bc2 Qd8 22. Re3 Nf5 23. Bxf5 exf5 24. f3 Re8 25. Qh4 a5 26. a3 axb4 27.
axb4 Ra8 28. Qe1 f4 29. Re2 Bxe2 30. Qxe2 Nd7 31. Qb5 Nxe5 32. dxe5 Rxe5 33.
Qxb7 Ra2 34. Rd1 Re2 35. Ne4 Rxg2+ 36. Kh1 Rxh2+ 37. Kg1 Rhe2 38. c4 Rxe4 0-1

[Event "27th 4NCL Congress"]
[Site "The Old Swan Harrogate"]
[Date "2022.01.23"]
[Round "4.1"]
[White "Mildenhall, John"]
[Black "Ashcroft, Graham J"]
[Result "1/2-1/2"]
[WhiteElo "1976"]
[BlackElo "1968"]
[PlyCount "42"]
[EventDate "2022.01.21"]

1. d4 f5 2. Bf4 g6 3. e3 Bg7 4. h4 Nf6 5. h5 d6 6. hxg6 hxg6 7. Rxh8+ Bxh8 8.
Nf3 e6 9. Nbd2 Nc6 10. Qe2 Qe7 11. O-O-O Bd7 12. Bg5 O-O-O 13. e4 e5 14. d5 Nb8
15. Qe3 a6 16. Bd3 Qf7 17. c4 Rf8 18. Bxf6 Qxf6 19. Kb1 Bg7 20. Rh1 f4 21. Qe1
Rh8 1/2-1/2

[Event "27th 4NCL Congress"]
[Site "The Old Swan Harrogate"]
[Date "2022.01.23"]
[Round "4.2"]
[White "Obi, Okwose Marc"]
[Black "Gibbs, Dominic V"]
[Result "0-1"]
[WhiteElo "1954"]
[BlackElo "1954"]
[PlyCount "82"]
[EventDate "2022.01.21"]

1. d4 f5 2. Bf4 Nf6 3. e3 e6 4. h3 Be7 5. Bd3 d6 6. g4 Nc6 7. gxf5 exf5 8. Nf3
Nh5 9. Bh2 O-O 10. c3 Be6 11. Qc2 Qd7 12. Nbd2 Rab8 13. O-O-O b5 14. e4 fxe4
15. Bxe4 Nf6 16. Bd3 b4 17. c4 b3 18. Nxb3 Nb4 19. Qb1 Qa4 20.
Nfd2 Nxa2+ 21. Kc2 Nb4+ 22. Kc1 Nxd3+ 23. Qxd3 Bxc4 24. Qxc4+ Qxc4+ 25. Nxc4
Rxb3 26. Rde1 Nd5 27. Bg3 Bg5+ 28. Kc2 Rb4 29. b3 Rf3 30. Rb1 Rc3+ 31. Kd1
Rcxc4 32. Ra1 Rxd4+ 33. Ke2 Rxb3 34. Rxa7 Rd2+ 35. Kf1 Rb1+ 36. Kg2 Ne3+ 37.
Kh2 Rxh1+ 38. Kxh1 Rd1+ 39. Kh2 Nf1+ 40. Kg2 Nxg3 41. fxg3 Rc1 0-1

[Event "27th 4NCL Congress"]
[Site "The Old Swan Harrogate"]
[Date "2022.01.23"]
[Round "4.3"]
[White "Nwachukwu, Chino"]
[Black "Jacob, Sydney J"]
[Result "1/2-1/2"]
[WhiteElo "1960"]
[BlackElo "1910"]
[PlyCount "66"]
[EventDate "2022.01.21"]

1. e4 c6 2. d4 d5 3. e5 Bf5 4. Nc3 e6 5. g4 Bg6 6. Nge2 f6 7. Nf4 Bf7 8. Nd3
Nd7 9. Bf4 Ne7 10. Bg3 fxe5 11. dxe5 Qc7 12. f4 g6 13. Bg2 Bg7 14. Qd2 O-O-O
15. a4 h5 16. h3 hxg4 17. hxg4 Rxh1+ 18. Bxh1 Rh8 19. O-O-O g5 20. Qf2 Qb6 21.
Qf3 gxf4 22. Qxf4 Bg6 23. Bf2 Qc7 24. Qb4 Nxe5 25. Nxe5 Bxe5 26. Bxa7 Rh2 27.
Ne4 c5 28. Bxc5 Nc6 29. Qb3 Na5 30. Qf3 Qxc5 31. Nxc5 Rxc2+ 32. Kb1 Rxb2+ 33.
Kc1 Rc2+ 1/2-1/2

[Event "27th 4NCL Congress"]
[Site "The Old Swan Harrogate"]
[Date "2022.01.23"]
[Round "4.4"]
[White "Livesey, R Nigel"]
[Black "Bielby, Paul R"]
[Result "1-0"]
[WhiteElo "1851"]
[BlackElo "1948"]
[PlyCount "99"]
[EventDate "2022.01.21"]

1. c4 Nf6 2. g3 d5 3. cxd5 Qxd5 4. Nf3 c6 5. Nc3 Qa5 6. Bg2 g6 7. O-O Bg7 8. d3
O-O 9. Bd2 Qb6 10. Qc2 Nbd7 11. Rab1 e5 12. b4 a6 13. Ng5 h6 14. Nge4 Nxe4 15.
Nxe4 Qc7 16. Rbc1 Kh7 17. a4 f5 18. Nc5 Nf6 19. Qb1 Re8 20. b5
axb5 21. axb5 Rb8 22. b6 Qd8 23. Rc2 Ra8 24. Rb2 Bf8 25. Rc1 Nd7 26. Nxd7 Bxd7
27. Ra2 Rxa2 28. Qxa2 Bg7 29. Rb1 Bc8 30. Qa7 e4 31. Rb3 Qd5 32. Qa4 Be6 33.
Rb1 Qa2 34. Qxa2 Bxa2 35. Rb4 Bd5 36. dxe4 fxe4 37. Be3 Bf8 38. Ra4 c5 39. Ra5
Rc8 40. Ra4 Rc6 41. Bxe4 Bxe4 42. Rxe4 Rxb6 43. Re8 Rf6 44. Rb8 Rf7 45. Rc8 b6
46. Rb8 Rf6 47. Rb7+ Kg8 48. Rb8 Kf7 49. Kf1 Ke7 50. Rxb6 1-0

[Event "27th 4NCL Congress"]
[Site "The Old Swan Harrogate"]
[Date "2022.01.23"]
[Round "4.5"]
[White "Garnett, John S"]
[Black "Macphail, Kieran"]
[Result "1/2-1/2"]
[WhiteElo "1939"]
[BlackElo "1761"]
[PlyCount "103"]
[EventDate "2022.01.21"]

1. d4 Nf6 2. Bg5 d5 3. e3 c5 4. Bxf6 gxf6 5. c4 cxd4 6. exd4 Nc6 7. cxd5 Qxd5
8. Nf3 Bg4 9. Nc3 Qe6+ 10. Be2 Bxf3 11. gxf3 O-O-O 12. d5 Qe5 13. Qa4 Rxd5 14.
Nxd5 Qxd5 15. Rd1 Qe5 16. Qc2 Bh6 17. Kf1 Kb8 18. Qc3 Qf5 19. Bc4 Qh3+ 20. Ke2
Ne5 21. Bd5 Ng6 22. Rd4 Nf4+ 23. Rxf4 Bxf4 24. Qb4 Qd7 25. Qxf4+ e5 26. Qe4 Rd8
27. Rd1 Qb5+ 28. Ke1 Rg8 29. Bc4 Rg1+ 30. Ke2 Qxb2+ 31. Rd2 Qc1 32. Qc2 Qa1 33.
Rd1 Rxd1 34. Qxd1 Qb2+ 35. Qd2 Qb6 36. Bb3 a5 37. Qd7 Ka7 38. Qxf7
a4 39. Bd5 Qb2+ 40. Kf1 Qc1+ 41. Ke2 Qc2+ 42. Ke3 Qc1+ 43. Kd3 Qd1+ 44. Kc3
Qd4+ 45. Kc2 Qxf2+ 46. Kd3 Qd4+ 47. Ke2 Qb2+ 48. Kf1 Qc1+ 49. Kg2 Qg5+ 50. Kf1
Qc1+ 51. Kf2 Qd2+ 52. Kf1 1/2-1/2

[Event "27th 4NCL Congress"]
[Site "The Old Swan Harrogate"]
[Date "2022.01.23"]
[Round "4.6"]
[White "Stone, Ian C"]
[Black "Jones, Neil T"]
[Result "1/2-1/2"]
[WhiteElo "1701"]
[BlackElo "1929"]
[PlyCount "115"]
[EventDate "2022.01.21"]

1. c4 e5 2. Nc3 Bb4 3. e4 Bxc3 4. bxc3 Nf6 5. Qc2 O-O 6. Nf3 d6 7. h3 Nc6 8.
Be2 Re8 9. O-O b6 10. d3 h6 11. Re1 Ne7 12. d4 Ng6 13. Bf1 Qe7 14. d5 Rf8 15.
Be3 Nh7 16. Bd3 Qf6 17. Qe2 Nf4 18. Bxf4 Qxf4 19. Qe3 Qxe3 20. Rxe3 Nf6 21. Kh2
Nd7 22. Nd2 Nc5 23. Bc2 a5 24. Nb3 Nd7 25. a4 Ba6 26. Bd3 Rab8 27. Ree1 g6 28.
g4 Kg7 29. Kg3 Rh8 30. h4 h5 31. g5 Rhf8 32. f3 f6 33. Rh1 fxg5 34. hxg5 Rf7
35. Be2 Nf8 36. Kf2 Nh7 37. Rhg1 Rbf8 38. Nd2 Bc8 39. Ke3 Bd7 40. Bf1 Rh8 41.
c5 dxc5 42. Bb5 Bxb5 43. axb5 Nf8 44. Nc4 Nd7 45. Rad1 Rhf8 46. Rg3 Rb8 47. d6
cxd6 48. Rxd6 Re7 49. Rg1 Rb7 50. Rd5 Ra7 51. Rgd1 a4 52. Rd6 a3
53. Nxa3 Rxa3 54. Rxd7 Rxc3+ 55. Ke2 Kf7 56. R1d6 Rxd7 57. Rxd7+ Ke6 58. Rb7
1/2-1/2

[Event "27th 4NCL Congress"]
[Site "The Old Swan Harrogate"]
[Date "2022.01.23"]
[Round "4.7"]
[White "Vijayakumar, Rishi"]
[Black "Cukovs, Oleg"]
[Result "1/2-1/2"]
[WhiteElo "1692"]
[BlackElo "1874"]
[PlyCount "96"]
[EventDate "2022.01.21"]

1. d4 d5 2. c4 dxc4 3. Nf3 Nf6 4. e3 a6 5. Bxc4 b5 6. Bd3 Bb7 7. Nc3 e6 8. O-O
Nbd7 9. a3 c5 10. Qe2 Be7 11. Rd1 Qb6 12. b3 O-O 13. Bb2 Rfd8 14. Bc2 Rac8 15.
Rac1 Bc6 16. Nb1 Qb7 17. Nbd2 Ne4 18. Nxe4 Bxe4 19. Bxe4 Qxe4 20. Nd2 Qb7 21.
Qf3 Qxf3 22. Nxf3 Bf6 23. Bc3 cxd4 24. exd4 h6 25. h3 Rc6 26. Kf1 Rdc8 27. Bd2
Rxc1 28. Rxc1 Rxc1+ 29. Bxc1 Kf8 30. Bd2 Be7 31. b4 Bd6 32. Ne1 Nb6 33. Nd3 Nc4
34. Bc1 Ke7 35. Nc5 a5 36. Ke2 axb4 37. axb4 Kd8 38. Nb7+ Kc7 39. Nxd6 Kxd6 40.
Kd3 Kd5 41. f3 Nd6 42. g4 f5 43. Bf4 g5 44. Be5 Nf7 45. Bg7 f4 46. Kc3 e5 47.
Bxe5 Nxe5 48. dxe5 Kxe5 1/2-1/2

[Event "27th 4NCL Congress"]
[Site "The Old Swan Harrogate"]
[Date "2022.01.23"]
[Round "4.8"]
[White "Oh, Julie"]
[Black "Dean, Robert A"]
[Result "1-0"]
[WhiteElo "1566"]
[BlackElo "1865"]
[PlyCount "131"]
[EventDate "2022.01.21"]

1. e4 e6 2. d4 d5 3. Nc3 Bb4 4. e5 c5 5. Bb5+ Bd7 6. Bxd7+ Qxd7 7. Nge2 Nc6 8.
f4 f5 9. a3 Ba5 10. O-O Nxd4 11. Nxd4 cxd4 12. Ne2 Ne7 13. Nxd4 Bb6 14. c3 O-O
15. Kh1 Rac8 16. Be3 Rc7 17. Qd2 Rfc8 18. Rac1 Bxd4 19. Bxd4 b6
20. h3 Nc6 21. b3 Na5 22. Qb2 Qb5 23. b4 Nc4 24. Qa2 Qa4 25. Ra1 Rb8 26. g4 g6
27. gxf5 gxf5 28. Rg1+ Rg7 29. Rxg7+ Kxg7 30. Qg2+ Kh8 31. Rg1 Qd7 32. Bf2 Qf7
33. Bh4 h5 34. Qg5 Kh7 35. Qf6 Qxf6 36. Bxf6 Rg8 37. Rxg8 Kxg8 38. a4 Nb2 39.
a5 bxa5 40. bxa5 a6 41. Bh4 Nd3 42. Bg3 Kf7 43. Kg2 Ke8 44. Kf3 Nc5 45. Bf2 Ne4
46. Bd4 Kd7 47. Ke2 Kc6 48. Kd3 Kb5 49. Bb6 Nc5+ 50. Bxc5 Kxc5 51. h4 Kc6 52.
Ke3 Kc5 53. Kd3 Kc6 54. Ke3 Kb5 55. Kd4 Kxa5 56. Kc5 Ka4 57. Kd6 Kb3 58. Kxe6 a5 59. Kxf5 a4 60. e6 a3 61. e7 a2 62. e8=Q a1=Q 63. Qb5+ Kxc3
64. Qc5+ Kd3 65. Qxd5+ Ke2 66. Qe5+ 1-0

[Event "27th 4NCL Congress"]
[Site "The Old Swan Harrogate"]
[Date "2022.01.23"]
[Round "4.9"]
[White "Kenning, Paul H"]
[Black "Kane, Robert"]
[Result "1/2-1/2"]
[WhiteElo "1881"]
[BlackElo "1833"]
[PlyCount "163"]
[EventDate "2022.01.21"]

1. d4 Nf6 2. Bf4 c5 3. dxc5 Na6 4. Qd4 Qa5+ 5. Nc3 Qxc5 6. e3 g6 7. Bxa6 Qxd4
8. exd4 bxa6 9. O-O-O d6 10. f3 Bg7 11. Nge2 Bd7 12. Ng3 O-O 13. Rhe1 Rfe8 14.
Bg5 h6 15. Bxf6 Bxf6 16. Nd5 Bg5+ 17. f4 Bc6 18. fxg5 Bxd5 19. Ne4 hxg5 20. Rd2
Bxe4 21. Rxe4 Rab8 22. b3 e6 23. Rde2 Rb5 24. c4 Rf5 25. Kc2 Kg7 26. d5 e5 27.
b4 Rc8 28. Kb3 Rf4 29. g3 Rxe4 30. Rxe4 f5 31. Re2 g4 32. c5 Kf6 33. c6 g5 34.
Kc4 f4 35. Kd3 Kf5 36. a4 f3 37. Rb2 e4+ 38. Kd4 e3 39. Kxe3
Re8+ 40. Kf2 Ke4 41. Rd2 Rb8 42. b5 axb5 43. Rb2 b4 44. c7 Rc8 45. Rxb4+ Kxd5
46. Rxg4 Rxc7 47. Rxg5+ Ke6 48. Kxf3 Rc3+ 49. Kg2 d5 50. h4 Ra3 51. Rg4 a5 52.
h5 Rb3 53. h6 Rb8 54. Rh4 Rh8 55. Kf3 Ke5 56. Ke3 Kf5 57. Kd4
Kg6 58. h7 Kg7 59. Rh5 Kg6 60. g4 Kg7 61. Rxd5 Rb8 62. Rh5 Kh8
63. g5 Rb4+ 64. Kc3 Rxa4 65. Kb3 Rg4 66. Ka3 a4 67. Kb2 Rb4+ 68. Ka2 Rg4 69.
Ka3 Re4 70. g6 Rg4 71. Rh6 Rg1 72. Kxa4 Ra1+ 73. Kb3 Rb1+ 74. Kc2 Rg1 75. Kd2
Rg5 76. Ke3 Rg1 77. Kf2 Rg5 78. Kf3 Rg1 79. Kf4 Rg2 80. Kf5 Rg1 81. Ke4 Rg2 82.
Kf5 1/2-1/2

[Event "27th 4NCL Congress"]
[Site "The Old Swan Harrogate"]
[Date "2022.01.23"]
[Round "4.10"]
[White "De Coverly, Roger D"]
[Black "Fava, Lorenzo"]
[Result "0-1"]
[WhiteElo "1970"]
[BlackElo "1840"]
[PlyCount "116"]
[EventDate "2022.01.21"]

1. d4 Nf6 2. c4 e6 3. Nc3 Bb4 4. e3 b6 5. Nf3 Ne4 6. Qc2 Bb7 7. Bd3 Bxc3+ 8.
bxc3 f5 9. O-O d6 10. Nd2 Nxd2 11. Bxd2 O-O 12. e4 f4 13. f3 e5 14. dxe5 dxe5
15. c5 Qe7 16. cxb6 Qc5+ 17. Kh1 axb6 18. a4 Ba6 19. Bc1 Rd8 20.
Bxa6 Nxa6 21. Qb3+ Kh8 22. Ba3 Qc6 23. Qb5 Qxb5 24. axb5 Nc5 25. Bxc5 bxc5 26.
h4 Rab8 27. c4 Rd4 28. Rfc1 Kg8 29. Ra6 Rb6 30. Ra7 Rd7 31. Rca1 Kf7 32. R1a6
Ke7 33. Kh2 Kd6 34. Kh3 h5 35. Ra8 Ke6 36. Rh8 Rd4 37. Rxh5 Rxc4 38. Rg5 Kf6
39. Ra7 g6 40. Rxc7 Rc1 41. Kh2 c4 42. Rc5 Re6 43. b6 Rxb6 44. Rgxe5 c3 45. Rb5
c2 46. Rxb6+ Kxe5 47. Rc6 Kd4 48. Rc8 Kd3 49. Kh3 Rh1+ 50. Kg4 c1=Q 51. Rxc1
Rxc1 52. Kxf4 Rc5 53. e5 Kd4 54. Kg5 Kxe5 55. Kxg6 Kf4 56. h5 Rg5+ 57. Kf6 Rxh5
58. g4 Rg5 0-1

[Event "27th 4NCL Congress"]
[Site "The Old Swan Harrogate"]
[Date "2022.01.23"]
[Round "4.11"]
[White "McDonnell, James J"]
[Black "Donahue, Randolph"]
[Result "1-0"]
[WhiteElo "1920"]
[BlackElo "1810"]
[PlyCount "57"]
[EventDate "2022.01.21"]

1. e4 e5 2. Nf3 Nf6 3. d4 Nxe4 4. Bd3 d5 5. Nxe5 Nd7 6. Nc3 Nxc3 7. bxc3 Nxe5
8. dxe5 Be7 9. O-O Be6 10. Rb1 Qc8 11. f4 Bc5+ 12. Kh1 Bg4 13. Qe1 Bf5 14. e6
Bxd3 15. exf7+ Kxf7 16. cxd3 Re8 17. Qg3 Re2 18. Qf3 Qe6 19. f5 Qe7 20. Qxd5+
Kf8 21. f6 gxf6 22. Bh6+ Ke8 23. Qg8+ Kd7 24. Qxa8 Rxg2 25. Kxg2 Qe2+ 26. Kh1
Bd6 27. Bf4 Qxd3 28. Qxb7 Bxf4 29. Rxf4 1-0

[Event "27th 4NCL Congress"]
[Site "The Old Swan Harrogate"]
[Date "2022.01.23"]
[Round "4.12"]
[White "Sharkey, Gary"]
[Black "O'Gorman, Brendan"]
[Result "0-1"]
[WhiteElo "1763"]
[BlackElo "1880"]
[PlyCount "47"]
[EventDate "2022.01.21"]

1. d4 d5 2. e4 dxe4 3. Nc3 g6 4. f3 Bg7 5. Be3 Nf6 6. fxe4 Ng4 7. Qd2 Nxe3 8.
Qxe3 Bxd4 9. Qf3 O-O 10. O-O-O c5 11. Bc4 Nc6 12. Bb3 Ne5 13. Qg3 Ng4 14. Nh3
Qa5 15. Nd5 Be5 16. Nxe7+ Kh8 17. Qf3 Nf6 18. Nf2 Be6 19. Nd5 Nd7 20. Nd3 Bg7
21. h4 b5 22. c4 bxc4 23. Bxc4 Nb6 24. Nxb6 0-1

[Event "27th 4NCL Congress"]
[Site "The Old Swan Harrogate"]
[Date "2022.01.23"]
[Round "4.13"]
[White "McKerracher, Douglas"]
[Black "Murphy, Ross"]
[Result "0-1"]
[WhiteElo "1875"]
[BlackElo "1702"]
[PlyCount "101"]
[EventDate "2022.01.21"]

1. e4 d6 2. Nc3 Nf6 3. Nf3 c6 4. Be2 e5 5. O-O Be7 6. d4 Qc7 7. h3 O-O 8. Bg5
h6 9. Be3 Be6 10. Qd2 Re8 11. a3 Bf8 12. Bd3 Na6 13. Nh4 Qd7 14. f4 Qc7 15. f5
Bc8 16. g4 d5 17. Rae1 exd4 18. Bxd4 Qg3+ 19. Ng2 Qxh3 20. Re3 Qxg4 21. Be2 Qg5
22. e5 Ne4 23. Nxe4 dxe4 24. Qe1 Nc5 25. Rg3 Qd8 26. Be3 Kh7 27. Bc4 Rxe5 28.
Bxf7 b6 29. Rf2 Qe7 30. Bg6+ Kh8 31. Rh3 Nd7 32. Bd4 Nf6 33. Qc3 Rd5 34. Be3
Rd1+ 35. Rf1 Rxf1+ 36. Kxf1 Ba6+ 37. Kg1 c5 38. Nf4 Bc8 39. Nh5 Nd5 40. Qd2
Nxe3 41. Qxe3 Qe5 42. c3 Bxf5 43. Bxf5 Qxf5 44. Qg3 Rd8 45. Nf4 Rd1+ 46. Kg2
Rd2+ 47. Kg1 Rd1+ 48. Kg2 Qf6 49. Ng6+ Kh7 50. Nxf8+ Qxf8 51. Qf2
0-1

[Event "27th 4NCL Congress"]
[Site "The Old Swan Harrogate"]
[Date "2022.01.23"]
[Round "4.14"]
[White "Williamson, Graham AG"]
[Black "Cawston, M John"]
[Result "0-1"]
[WhiteElo "1839"]
[BlackElo "1857"]
[PlyCount "150"]
[EventDate "2022.01.21"]

1. d4 Nf6 2. Bf4 g6 3. e3 Bg7 4. c3 d5 5. Bd3 Nbd7 6. Nd2 c5 7. Ngf3 Qb6 8. Rb1
O-O 9. O-O Re8 10. Qa4 a6 11. b4 c4 12. Bc2 Qb5 13. Ne5 Nb6 14. Qa3 Nh5 15. Qc1
Nxf4 16. exf4 f6 17. Nxg6 hxg6 18. Bxg6 Be6 19. Qd1 Bf7 20. Qh5 Bxg6 21. Qxg6
Rf8 22. Rfe1 Qe8 23. Qg4 Qf7 24. Re6 f5 25. Qe2 Nc8 26. Re1 Bf6 27. Qf3 Rd8 28.
Qg3+ Qg7 29. Qh3 Nd6 30. R1e3 Qh7 31. Qf3 Ne4 32. Nxe4 dxe4 33. Qe2 Rac8 34. f3
Kf7 35. Rb6 Rh8 36. h3 Rcg8 37. fxe4 fxe4 38. Qxc4+ Kg7 39. Rg3+ Kh6 40. Rxg8
Rxg8 41. Qe2 Qf5 42. Kh1 Qxf4 43. Re6 Qc1+ 44. Kh2 Qxc3 45. Qxe4 Qg3+ 46. Kh1
Rg6 47. d5 Rg5 48. d6 Re5 49. Rxe5 Bxe5 50. Kg1 exd6 51. Qxb7 Bd4+ 52. Kh1 Qf2
53. Kh2 Qg1+ 54. Kg3 Be5+ 55. Kf3 Qf1+ 56. Ke3 Qf4+ 57. Ke2 Qc4+ 58. Kf3 Qc3+
59. Kg4 Qg3+ 60. Kf5 Qd3+ 61. Kg4 Qe2+ 62. Kf5 Qf2+ 63. Ke6 Qf6+ 64. Kd5 Qf1
65. Ke6 Qc4+ 66. Kf5 Qxa2 67. Qa8 Qf7+ 68. Ke4 Qg6+ 69. Kf3 Qh5+ 70. Ke3 Qg5+
71. Kd3 Qf5+ 72. Ke2 Qc2+ 73. Kf3 Qd3+ 74. Kg4 Qg3+ 75. Kf5 Qg6#
0-1

[Event "27th 4NCL Congress"]
[Site "The Old Swan Harrogate"]
[Date "2022.01.23"]
[Round "4.15"]
[White "Webb, Nicholas"]
[Black "Vickery, Jim E"]
[Result "1-0"]
[WhiteElo "1712"]
[BlackElo "1944"]
[PlyCount "33"]
[EventDate "2022.01.21"]

1. c4 Nf6 2. Nc3 e5 3. g3 c6 4. e3 d5 5. d4 e4 6. Nh3 Bb4 7. Bd2 a5 8. Nf4 Na6
9. a3 Bd6 10. cxd5 Bxf4 11. gxf4 cxd5 12. Rg1 O-O 13. f3 Re8 14. Qe2 Bf5 15.
Qg2 g6 16. Bb5 Re7 17. Qg5 1-0

[Event "27th 4NCL Congress"]
[Site "The Old Swan Harrogate"]
[Date "2022.01.23"]
[Round "4.16"]
[White "Erskine-Pereira, Jack"]
[Black "Cuthbert, Larissa"]
[Result "1-0"]
[WhiteElo "1846"]
[BlackElo "1495"]
[PlyCount "103"]
[EventDate "2022.01.21"]

1. d4 Nf6 2. Bf4 g6 3. Nc3 Bg7 4. e4 d6 5. Qd2 b6 6. O-O-O Bb7 7. f3 Nbd7 8.
Bb5 a6 9. Bd3 b5 10. a3 c5 11. dxc5 dxc5 12. Na2 c4 13. Bf1 a5 14. g4 h6 15. h4
h5 16. g5 Nh7 17. Bh3 Bc6 18. Ne2 b4 19. Nd4 Bb7 20. Nb5 Bxb2+ 21. Kxb2 c3+ 22.
Naxc3 bxc3+ 23. Qxc3 O-O 24. Rxd7 Qb6 25. a4 Bc6 26. Qd4 Qa6 27. Ra7 Rxa7 28.
Nxa7 Qb7+ 29. Ka2 Bxa4 30. Rb1 Qa8 31. Qxa4 Qxa7 32. Bg3 Qe3 33. Qb3 Qc5 34.
Qd3 a4 35. Be1 Qc7 36. Bc3 Rd8 37. Bd4 e5 38. Bxe5 Rxd3 39. Bxc7 Rxf3 40. Rb8+
Nf8 41. Bd6 Rxh3 42. Rxf8+ Kg7 43. Re8 Rxh4 44. Be5+ f6 45. Bxf6+ Kf7 46. Re7+
Kf8 47. e5 Re4 48. Rg7 h4 49. Rxg6 Re1 50. Rh6 Rh1 51. g6 Rg1 52. Rh8# 1-0

[Event "27th 4NCL Congress"]
[Site "The Old Swan Harrogate"]
[Date "2022.01.23"]
[Round "4.17"]
[White "Carmichael, Ned"]
[Black "Farahmandpour, Ehsan"]
[Result "1-0"]
[WhiteElo "1863"]
[BlackElo "1702"]
[PlyCount "43"]
[EventDate "2022.01.21"]

1. c4 c6 2. Nf3 Nf6 3. Nc3 d5 4. d4 e6 5. e3 Nbd7 6. Bd3 dxc4 7. Bxc4 b5 8. Bd3
Bb4 9. O-O Bxc3 10. bxc3 O-O 11. a4 bxa4 12. e4 c5 13. e5 Nd5 14. c4 Nb4 15.
Bxh7+ Kxh7 16. Ng5+ Kg6 17. Qg4 Nxe5 18. dxe5 Qd4 19. Bf4 f5 20. Qg3 Qd3 21.
Qh4 Bb7 22. Qh7# 1-0

[Event "27th 4NCL Congress"]
[Site "The Old Swan Harrogate"]
[Date "2022.01.23"]
[Round "4.19"]
[White "Greatorex, Roger"]
[Black "Prince, Alan R"]
[Result "1-0"]
[WhiteElo "1808"]
[BlackElo "1725"]
[PlyCount "101"]
[EventDate "2022.01.21"]

1. e4 g6 2. d4 d6 3. Nf3 Bg7 4. Nc3 c6 5. Be3 Nd7 6. Qd2 b5 7. a3 Nb6 8. Rd1 a6
9. Be2 Rb8 10. O-O Nc4 11. Bxc4 bxc4 12. Rb1 Nf6 13. h3 d5 14. e5 Nd7 15. Bf4
e6 16. Bg5 Qc7 17. Bh6 O-O 18. Bxg7 Kxg7 19. Qf4 Qd8 20. Ne2 Qe7
21. Qg3 Rb6 22. h4 h5 23. Nf4 Rh8 24. Ng5 c5 25. c3 Rb3 26.
Ngxe6+ Kh6 27. Nxc5 Nxc5 28. dxc5 Qxc5 29. Qg5+ Kh7 30. e6 Bxe6 31. Nxe6 fxe6
32. Qf6 Qd6 33. Rbe1 Rb6 34. Re5 Rf8 35. Qg5 Rf5 36. Rxf5 exf5 37. Re1 Qf6 38.
Re7+ Kg8 39. Qe3 Kf8 40. Ra7 Re6 41. Qc5+ Re7 42. g3 Qe6 43. Rxe7
Qxe7 44. Qxd5 Qe2 45. Qd6+ Kg7 46. Qxa6 Qe4 47. Kh2 Qe2 48. Qa7+ Kg8 49. Qd4 Qd3 50. Kg2 Kh7 51. Qxd3 1-0